[Event "TUN-ch (Women)"]
[Site "Monastir"]
[Date "2024.03.26"]
[Round "1"]
[White "El Kefi, Yasmine"]
[Black "Hilali, Wissal"]
[Result "1/2-1/2"]
[WhiteElo "1471"]
[BlackElo "1668"]
[PlyCount "63"]
[EventDate "2024.03.26"]
[EventType "swiss"]
[EventRounds "9"]
[EventCountry "TUN"]
[SourceTitle "CB14_2024"]
[SourceDate "2024.04.01"]
[SourceVersion "1"]
[SourceVersionDate "2024.04.01"]
[SourceQuality "1"]

1. d4 d5 2. Bf4 Nf6 3. e3 c5 4. c3 Nc6 5. Nd2 Qb6 6. Qc2 cxd4 7. exd4 g6 8. Bd3 Bg7 9. h3 Bd7 10. Qb3 Qxb3 11. Nxb3 0-0 12. Nc5 Bc8 13. Nf3 b6 14. Nb3 Bb7 15. a4 Rac8 16. a5 Nd7 17. 0-0 Rfe8 18. axb6 axb6 19. Rfe1 e5 20. dxe5 Ndxe5 21. Nxe5 Bxe5 22. Bxe5 Rxe5 23. Bb5 Rxe1+ 24. Rxe1 Kf8 25. f3 Ra8 26. Ra1 Rxa1+ 27. Nxa1 Ke7 28. Kf2 Kd6 29. Nb3 Ne5 30. Nd4 Nc4 31. b3 Na3 32. Bd3 1/2-1/2

[Event "Africa-ch (Women)"]
[Site "Hammamet"]
[Date "2019.07.17"]
[Round "9.10"]
[White "Mululu, Linah"]
[Black "Hilali, Wissal"]
[Result "1-0"]
[WhiteElo "1648"]
[BlackElo "1468"]
[PlyCount "34"]
[EventDate "2019.07.09"]
[EventType "swiss"]
[EventRounds "9"]
[EventCountry "TUN"]
[SourceTitle "CBM 191 Extra"]
[Source "ChessBase"]
[SourceDate "2019.09.30"]
[SourceVersion "1"]
[SourceVersionDate "2019.09.30"]
[SourceQuality "1"]

1. d4 d5 2. Nf3 Nf6 3. c4 dxc4 4. Qa4+ c6 5. Qxc4 b5 6. Qc2 e6 7. g3 Bb7 8. Bg2 Qc7 9. Nc3 b4 10. Na4 Nbd7 11. 0-0 Rc8 12. Nc5 Nxc5 13. dxc5 Qa5 14. Be3 Nd7 15. Rfc1 Ba6 16. Bd4 f6 17. Bh3 Kf7 1-0

[Event "Africa-ch (Women)"]
[Site "Hammamet"]
[Date "2019.07.15"]
[Round "7.8"]
[White "Wafa, Shahenda"]
[Black "Hilali, Wissal"]
[Result "1-0"]
[WhiteElo "2175"]
[BlackElo "1468"]
[PlyCount "62"]
[EventDate "2019.07.09"]
[EventType "swiss"]
[EventRounds "9"]
[EventCountry "TUN"]
[SourceTitle "CBM 191 Extra"]
[Source "ChessBase"]
[SourceDate "2019.09.30"]
[SourceVersion "1"]
[SourceVersionDate "2019.09.30"]
[SourceQuality "1"]

1. e4 c5 2. Nf3 d6 3. d4 cxd4 4. Nxd4 Nf6 5. Nc3 g6 6. Be3 Bg7 7. f3 Nc6 8. Qd2 0-0 9. g4 Nxg4 10. fxg4 Bxg4 11. h3 Nxd4 12. Bxd4 Be6 13. 0-0-0 Qa5 14. Bxg7 Kxg7 15. Kb1 Rfc8 16. h4 Rc5 17. Bh3 Bxh3 18. Rxh3 Rac8 19. Qd4+ Re5 20. Nd5 e6 21. Nc3 Re8 22. h5 Qc5 23. Qxc5 Rxc5 24. hxg6 fxg6 25. Rdh1 Rh8 26. Rd3 Rc6 27. Kc1 a6 28. b4 Re8 29. Kd2 d5 30. Ke3 Rcc8 31. Kf4 h5 1-0

[Event "Olympiad Women-43"]
[Site "Batumi"]
[Date "2018.09.27"]
[Round "4.42"]
[White "Hilali, Wissal"]
[Black "Garcia, Andrea Nicole"]
[Result "0-1"]
[WhiteElo "1419"]
[BlackElo "1698"]
[PlyCount "90"]
[EventDate "2018.09.24"]
[EventType "team-swiss"]
[EventRounds "11"]
[EventCountry "GEO"]
[SourceTitle "EXT 2020"]
[Source "ChessBase"]
[SourceDate "2019.10.17"]
[SourceVersion "1"]
[SourceVersionDate "2019.10.17"]
[SourceQuality "1"]
[WhiteTeam "Tunisia (W)"]
[BlackTeam "Honduras (W)"]
[WhiteTeamCountry "TUN"]
[BlackTeamCountry "HON"]

1. d4 d5 2. Bf4 e6 3. e3 Nf6 4. Nd2 Be7 5. Bd3 Nbd7 6. c4 0-0 7. Ngf3 b6 8. Qc2 h6 9. a3 Ba6 10. Rc1 dxc4 11. Nxc4 Nd5 12. Bg3 f5 13. Nfe5 Nxe5 14. Bxe5 Bxc4 15. Qxc4 c5 16. Qb5 cxd4 17. Bxd4 Qe8 18. Qxe8 Rfxe8 19. 0-0 Bf6 20. Bxf6 Nxf6 21. Rc6 Kf7 22. Rfc1 Rad8 23. Rc7+ Re7 24. Rxe7+ Kxe7 25. Rc7+ Rd7 26. Rxd7+ Nxd7 27. f3 Nc5 28. Bc2 Kd6 29. Kf2 Kd5 30. b3 g5 31. h3 f4 32. exf4 gxf4 33. Ke2 Kd4 34. Kd2 Nb7 35. Be4 Nd6 36. Bc2 e5 37. Ke2 Kc3 38. Bd1 Nb5 39. a4 Nd4+ 40. Ke1 Nxb3 41. Bxb3 Kxb3 42. Kd2 Kxa4 43. Kd3 b5 44. Ke4 b4 45. Kxe5 b3 0-1

[Event "TUN-ch (Women)"]
[Site "Hammamet"]
[Date "2018.02.22"]
[Round "9"]
[White "Hilali, Wissal"]
[Black "Moalla, Yosr"]
[Result "1/2-1/2"]
[WhiteElo "1403"]
[BlackElo "1141"]
[PlyCount "26"]
[EventDate "2018.02.16"]
[EventType "swiss"]
[EventRounds "9"]
[EventCountry "TUN"]
[SourceTitle "CBM 183 Extra"]
[Source "ChessBase"]
[SourceDate "2018.04.19"]
[SourceVersion "1"]
[SourceVersionDate "2018.04.19"]
[SourceQuality "1"]

1. d4 d5 2. Bf4 Nf6 3. e3 e6 4. Nd2 Bd6 5. Bg3 Qe7 6. Ngf3 Nbd7 7. Ne5 0-0 8. Bd3 c5 9. c3 Rd8 10. 0-0 Nb8 11. f4 b6 12. Ndf3 Bb7 13. Bh4 Nbd7 1/2-1/2

[Event "TUN-ch (Women)"]
[Site "Hammamet"]
[Date "2018.02.18"]
[Round "3"]
[White "Chihi, Roua"]
[Black "Hilali, Wissal"]
[Result "1/2-1/2"]
[WhiteElo "1253"]
[BlackElo "1403"]
[PlyCount "70"]
[EventDate "2018.02.16"]
[EventType "swiss"]
[EventRounds "9"]
[EventCountry "TUN"]
[SourceTitle "CBM 183 Extra"]
[Source "ChessBase"]
[SourceDate "2018.04.19"]
[SourceVersion "1"]
[SourceVersionDate "2018.04.19"]
[SourceQuality "1"]

1. e4 c5 2. Nf3 d6 3. c3 Nf6 4. d3 Nc6 5. Be2 g6 6. Bf4 Bg7 7. 0-0 0-0 8. Nbd2 Qb6 9. Qb3 Qc7 10. Nc4 Nh5 11. Be3 a6 12. Ncd2 Be6 13. Qc2 Nf6 14. d4 cxd4 15. cxd4 d5 16. Ne5 Rac8 17. Nxc6 Qxc6 18. Qxc6 Rxc6 19. e5 Nd7 20. Rac1 Rfc8 21. Nb3 Nb6 22. Rxc6 Rxc6 23. Rc1 Rxc1+ 24. Bxc1 f6 25. Bf4 fxe5 26. Bxe5 Bxe5 27. dxe5 Na4 28. Nd4 Kf7 29. b3 Nc3 30. a3 Nxe2+ 31. Nxe2 Bf5 32. Nd4 Bd3 33. f4 h6 34. Kf2 e6 35. Ke3 Bf5 1/2-1/2

[Event "TUN-ch (Women)"]
[Site "Hammamet"]
[Date "2018.02.17"]
[Round "2"]
[White "Hilali, Wissal"]
[Black "Mrizek, Asma"]
[Result "1-0"]
[WhiteElo "1403"]
[BlackElo "1306"]
[PlyCount "57"]
[EventDate "2018.02.16"]
[EventType "swiss"]
[EventRounds "9"]
[EventCountry "TUN"]
[SourceTitle "CBM 183 Extra"]
[Source "ChessBase"]
[SourceDate "2018.04.19"]
[SourceVersion "1"]
[SourceVersionDate "2018.04.19"]
[SourceQuality "1"]

1. d4 d5 2. Bf4 Bf5 3. e3 e6 4. Nf3 c6 5. a3 c5 6. c3 Nc6 7. Nbd2 c4 8. b3 b5 9. Be2 h6 10. bxc4 bxc4 11. Qa4 Nge7 12. Ne5 Qa5 13. Qxa5 Nxa5 14. e4 Bxe4 15. Nxe4 dxe4 16. Nxc4 Nxc4 17. Bxc4 Rc8 18. Ba6 Rxc3 19. Bb5+ Kd8 20. Bd2 Rb3 21. Ba5+ Kc8 22. Rc1+ Kb8 23. a4 Nd5 24. 0-0 Bb4 25. Bc4 Rb2 26. Rb1 Ba3 27. Rxb2+ Bxb2 28. Rb1 Ka8 29. Rxb2 1-0

[Event "TUN-ch (Women)"]
[Site "Hammamet"]
[Date "2017.04.12"]
[Round "4"]
[White "Hilali, Wissal"]
[Black "Youssef, Elaa"]
[Result "1/2-1/2"]
[WhiteElo "1448"]
[BlackElo "1322"]
[PlyCount "92"]
[EventDate "2017.04.10"]
[EventType "swiss"]
[EventRounds "7"]
[EventCountry "TUN"]
[SourceTitle "CBM 177 Extra"]
[Source "ChessBase"]
[SourceDate "2017.04.27"]
[SourceVersion "1"]
[SourceVersionDate "2017.04.27"]
[SourceQuality "1"]

1. d4 d5 2. Bf4 e6 3. e3 Nf6 4. Nd2 Bd6 5. Bg3 Bxg3 6. hxg3 Nc6 7. Ngf3 Qd6 8. c4 Ne7 9. c5 Qd8 10. b4 c6 11. Bd3 h6 12. Ne5 Nd7 13. Ndf3 f6 14. Ng6 Nxg6 15. Bxg6+ Ke7 16. Bd3 Nf8 17. Qa4 Bd7 18. b5 cxb5 19. Bxb5 Bxb5 20. Qxb5 Qd7 21. Qb4 Kf7 22. g4 Ng6 23. 0-0 Rhc8 24. Nd2 Ne7 25. Rab1 Rab8 26. f4 g5 27. Nf3 Kg7 28. Rfc1 Nc6 29. Qb3 Na5 30. Qd3 Nc6 31. Rf1 b6 32. cxb6 Rxb6 33. Rxb6 axb6 34. Qa6 Rb8 35. Rb1 Qb7 36. Qb5 Na7 37. Qb4 Qc7 38. Qa3 Qb7 39. Qd6 Kf7 40. f5 exf5 41. gxf5 Qc6 42. Qa3 Rb7 43. Rc1 Qe8 44. Qd6 Qd7 45. Qxd7+ Rxd7 46. Rb1 Rb7 1/2-1/2

[Event "Arab-ch U20 Girls"]
[Site "Djerba"]
[Date "2016.07.24"]
[Round "3.3"]
[White "Hilali, Wissal"]
[Black "Abdulzahra, Sali Abbas"]
[Result "0-1"]
[WhiteElo "1467"]
[BlackElo "1720"]
[PlyCount "78"]
[EventDate "2016.07.23"]
[EventType "swiss"]
[EventRounds "9"]
[EventCountry "TUN"]
[SourceTitle "EXT 2024"]
[Source "ChessBase"]
[SourceDate "2023.10.10"]
[SourceVersion "1"]
[SourceVersionDate "2023.10.10"]
[SourceQuality "1"]

1. e4 e6 2. d4 d5 3. exd5 exd5 4. Bd3 Bd6 5. Nf3 Ne7 6. c3 Bf5 7. 0-0 Bxd3 8. Qxd3 c6 9. Be3 0-0 10. Nfd2 Ng6 11. Re1 h6 12. Nf1 Nd7 13. Ng3 Nf6 14. Nf5 Bc7 15. h3 Ne4 16. Bd2 Qf6 17. g4 Nxd2 18. Nxd2 Nf4 19. Qf3 g6 20. Ne3 Qh4 21. Ng2 Qxh3 22. Qxh3 Nxh3+ 23. Kf1 f5 24. gxf5 Rxf5 25. Re2 Raf8 26. Nh4 Rxf2+ 27. Rxf2 Rxf2+ 28. Ke1 Bg3 29. Nxg6 Rf6+ 30. Ke2 Rxg6 31. Rh1 Ng5 32. Rg1 Re6+ 33. Kd1 Bf4 34. Nf3 Kh7 35. Nh4 a5 36. Kc2 Re2+ 37. Kb3 a4+ 38. Kxa4 Rxb2 39. Ka3 Rf2 0-1

[Event "Africa-ch U18 Girls"]
[Site "Monastir"]
[Date "2014.12.21"]
[Round "1.2"]
[White "Hilali, Wissal"]
[Black "Lahmar, Chaima"]
[Result "1-0"]
[WhiteElo "1527"]
[BlackElo "1561"]
[PlyCount "50"]
[EventDate "2014.12.21"]
[EventType "swiss"]
[EventRounds "7"]
[EventCountry "TUN"]
[SourceTitle "EXT 2024"]
[Source "ChessBase"]
[SourceDate "2023.10.10"]
[SourceVersion "1"]
[SourceVersionDate "2023.10.10"]
[SourceQuality "1"]

1. e4 e5 2. Nf3 Nc6 3. Bc4 Bc5 4. d3 h5 5. Nc3 Nf6 6. a3 d6 7. h3 0-0 8. 0-0 a6 9. b4 Ba7 10. Re1 b5 11. Ba2 Nd4 12. Be3 Nxf3+ 13. Qxf3 Bxe3 14. Qxe3 Bb7 15. Nd5 Nxd5 16. exd5 Qd7 17. c4 c6 18. Rac1 bxc4 19. dxc4 cxd5 20. cxd5 Rac8 21. Qd3 Rxc1 22. Rxc1 Rc8 23. Rc2 Rxc2 24. Qxc2 Qc8 25. Qxc8+ Bxc8 1-0

[Event "Monastir Belkadhi op (Women)"]
[Site "Monastir"]
[Date "2014.05.04"]
[Round "3"]
[White "Matoussi, Amani"]
[Black "Hilali, Wissal"]
[Result "1-0"]
[WhiteElo "1622"]
[BlackElo "1542"]
[PlyCount "121"]
[EventDate "2014.05.03"]
[EventType "swiss"]
[EventRounds "9"]
[EventCountry "TUN"]
[SourceTitle "EXT 2016"]
[Source "ChessBase"]
[SourceDate "2015.10.08"]
[SourceVersion "1"]
[SourceVersionDate "2015.10.08"]
[SourceQuality "1"]

1. Nf3 Nf6 2. d4 e6 3. e3 Nc6 4. Bd3 b6 5. 0-0 Bb7 6. b3 Be7 7. Bb2 d5 8. Nbd2 0-0 9. Ne5 Nb4 10. Be2 c5 11. a3 Nc6 12. Ndf3 Rc8 13. Nxc6 Bxc6 14. dxc5 bxc5 15. Rc1 Qb6 16. c4 Rfd8 17. Qc2 Rb8 18. Rb1 a5 19. Be5 Rbc8 20. Bd3 h6 21. Nd2 d4 22. exd4 cxd4 23. b4 axb4 24. axb4 Qb7 25. f3 Qd7 26. c5 Nd5 27. Bxd4 Nf4 28. Bh7+ Kh8 29. Be3 Ne2+ 30. Kh1 Nd4 31. Bxd4 Qxd4 32. Nb3 Ba4 33. Nxd4 Bxc2 34. Bxc2 Rxd4 35. Rfd1 Rc4 36. Bd3 Rc3 37. Ba6 Rb8 38. h3 Ra3 39. Bd3 Ra4 40. Be4 Raxb4 41. Rxb4 Rxb4 42. Rd7 f5 43. Bxf5 exf5 44. Rxe7 Rc4 45. Re8+ Kh7 46. Rc8 Kg6 47. Kg1 Rc2 48. Kh2 Kg5 49. c6 Kf6 50. c7 Ke7 51. Rg8 Rxc7 52. Rxg7+ Kd8 53. Rxc7 Kxc7 54. Kg3 Kd6 55. Kh4 Ke5 56. g3 Kd4 57. g4 fxg4 58. fxg4 Ke4 59. Kh5 Kf4 60. Kxh6 Kg3 61. g5 1-0